000 00338nam a2200145Ia 4500
008 230917s9999||||xx |||||||||||||| ||und||
040 _e200813
_aMAIN
041 _aEnglish
082 _a823.7 E44S
100 _aEliot, George
245 0 _aSilas marner
260 _aBombay
_bBlackie and Sons
_c1961
300 _a126 p.
942 _cBK
999 _c167474
_d167474